(KHMER) Mirabel cat of the World / (Record no. 50091)
| 000 -LEADER | |
|---|---|
| fixed length control field | 00311nam a2200109 4500 |
| 020 ## - INTERNATIONAL STANDARD BOOK NUMBER | |
| International Standard Book Number | 9789996345098 |
| 100 ## - MAIN ENTRY--PERSONAL NAME | |
| Personal name | Redonnet, Jean-Claude |
| 9 (RLIN) | 87105 |
| 245 ## - TITLE STATEMENT | |
| Title | (KHMER) Mirabel cat of the World / |
| Statement of responsibility, etc | Jean-Claude Redonnet |
| 260 ## - PUBLICATION, DISTRIBUTION, ETC. (IMPRINT) | |
| Place of publication, distribution, etc | Cmbodia |
| Name of publisher, distributor, etc | Open Book |
| Date of publication, distribution, etc | 2015 |
| 300 ## - PHYSICAL DESCRIPTION | |
| Extent | 49 p. |
| Other physical details | col. ill. |
| Dimensions | 18 cm. |
| 942 ## - ADDED ENTRY ELEMENTS (KOHA) | |
| Source of classification or shelving scheme | |
| Koha item type | Book |
| Withdrawn status | Lost status | Source of classification or shelving scheme | Damaged status | Not for loan | Collection code | Home library | Current library | Shelving location | Date acquired | Total Checkouts | Full call number | Barcode | Checked out | Date last seen | Date checked out | Price effective from | Koha item type |
|---|---|---|---|---|---|---|---|---|---|---|---|---|---|---|---|---|---|
| Siem Riep | Asian Hope Siem Reap | Asian Hope Siem Reap | SECONDARY | 01/16/2026 | 1 | KHMER E RED | 209830 | 05/07/2026 | 04/30/2026 | 04/30/2026 | 01/16/2026 | Book |